territories and regions - Statistics

General Stats
  • This quiz has been taken 13 times
  • The average score is 16 of 19
Answer Stats
Hint region capital % Correct
ABC island C curacao willemstad
100%
islands near argentina falkland islands stanley
100%
territory of denmark greenland nuuk
100%
territory in the middle east palestine jerusalem
100%
territory of the US puerto rico san juan
100%
ABC island A aruba oranjestad
91%
next to suriname french guyana cayenne
91%
islands of ecuador galapagos puerto baquerizo
91%
island near australia tasmania hobart
91%
former country in himalayas tibet lhasa
91%
mediterranian island corsica ajaccio
82%
mediterranian island sardinia cagliari
82%
mediterranian island sicily palmero
82%
ABC island B bonaire kralendijk
73%
territory of france guadeloupe basse terre
73%
"country" of the kurds kurdistan arbil
73%
french island near madagascar reunion saint denis
73%
region between pakistan and india kashmir jammu
64%
territory of france martinique fort de france
64%
No matching quizzes found
Score Distribution
Percent of People with Each Score
Percentile by Number Answered
Your Score History
You have not taken this quiz